000 00280nam a2200121Ia 4500
005 20251222152040.0
008 251222s9999||||xx |||||||||||||| ||spa||
082 _a615.321/S96
245 0 _aPlantas Medicinales
250 _a6ta. ed.
264 _bSusaeta Ediciones
942 _cLIB
999 _c26025
_d26025